Postavenie Nórska v rôznych etapách formovania svetovej ekonomiky bakalárska práca

Na minha lista:
Detalhes bibliográficos
Autor principal: Bodor, Tomáš
Autor Corporativo: Fakulta medzinárodných vzťahov EU. Katedra medzinárodných ekonomických vzťahov a hospodárskej diplomacie
Outros Autores: Lacušová, Sabina, 1999-
Formato: Livro
Idioma:eslovaco
Publicado em: Bratislava 2024
Tags: Adicionar Tag
Sem tags, seja o primeiro a adicionar uma tag!

MARC

LEADER 00000nbm a2200000 4500
001 0301784
005 20250225135536.7
041 0 |a slo 
044 |a SK 
245 1 0 |a Postavenie Nórska v rôznych etapách formovania svetovej ekonomiky  |b bakalárska práca  |c Tomáš Bodor ; školiteľ: Sabina Lacušová 
264 1 |a Bratislava  |c 2024 
300 |a 50 s. 
100 1 |a Bodor, Tomáš 
700 1 |a Lacušová, Sabina, 1999- 
710 2 |a Fakulta medzinárodných vzťahov EU. Katedra medzinárodných ekonomických vzťahov a hospodárskej diplomacie